000 01155nam a2200337 c 4500
003 BLK
005 20250728174421.0
008 180409b bul|||||r ||||||| ||bul||
010 _aKNG00140225000
040 _aBLK
041 _aBUL
_cBUL
072 7 _2bullib
_aЯ
_xАвтографи
080 _aБългарска литература
_b821.163.2
_x-31
_z821.163.2-31
100 1 _aРайнов, Богомил Николаев
_9364081
139 _aРайнов, Богомил Николаев
_bР 28
245 1 0 _aСамо за мъже
_bРоман
_cБогомил Николаев Райнов.
250 _a2. изд.
257 _aBGR
260 София
_bНар. младеж
_c1989
_fСофия : ДП "Димитър Благоев"
300 _a411 с.
_c20 см
380 _aX
500 _a1. изд. 1979. - 80 000 тир ; 10 150 екз. от тир. подв.
653 _aромани
659 _aЯ
852 _aЦб 158574
856 4 _qpdf
_u
856 4 _qpdf
_u
942 _cKNG
_n0
_08
944 _aCR
_c04.03.2013
_k30576
_lЦветомила Тодорова
944 _aED
_c01.08.2013
_k
999 _c134313
_d134313